| 000 | 00935nam a2200265 a 4500 | ||
|---|---|---|---|
| 005 | 20241031063720.0 | ||
| 008 | 020131s2000 mx r 000 0 spa d | ||
| 020 | _a9870000029 | ||
| 035 | _aUPN01000115350 | ||
| 049 | _aCG | ||
| 050 | 4 |
_aRJ387 A25 _bK6.3 |
|
| 100 | 1 | _aKornblit, Ana Lía | |
| 245 | 0 |
_aDiscriminación : una asignatura pendiente : _bel sida en la educación : ¿advertencia sanitaria o estímulo a la solidaridad? / _cAna Lía Kornblit, Ana María Mendes Diz. |
|
| 260 |
_aBuenos Aires : _bLumen, _c2000. |
||
| 300 | _a111 p. | ||
| 500 | _a"Texto y materiales para docentes del polimodal y del tercer ciclo de la EGB" | ||
| 650 | 4 |
_aSIDA _xPrevención _912138 |
|
| 650 | 2 |
_aEducacion sexual para niños _93578 |
|
| 650 | 4 |
_aEducación especial _93029 |
|
| 700 | 1 |
_aMendez Diz, Ana María, _ecoaut. |
|
| 700 | 0 |
_aPecheny, Mario, _ecoaut. |
|
| 901 | _a177086/177087/177088 | ||
| 902 | _aLG/em | ||
| 905 | _aLibro | ||
| 999 |
_c88801 _d88801 |
||